000 00292nam a22001217a 4500
008 180424b xxu||||| |||| 00| 0 eng d
041 _aeng
080 _a043.3
100 _a0
101 _aMK-BTH
245 _aPërparësitë dhe mangësitë e gazetarisë online
_cKqiku,M
942 _2udc
_cBK
999 _c45439
_d45439